Cawson's essentials of oral pathology and oral medicine / (Record no. 27630)

MARC details
000 -LEADER
fixed length control field 01442cam a22003615i 4500
001 - CONTROL NUMBER
control field 018312573
003 - CONTROL NUMBER IDENTIFIER
control field EG-ScBUE
005 - DATE AND TIME OF LATEST TRANSACTION
control field 20190919104955.0
008 - FIXED-LENGTH DATA ELEMENTS--GENERAL INFORMATION
fixed length control field 170419s2017 stka f b 001 0 eng d
020 ## - INTERNATIONAL STANDARD BOOK NUMBER
International Standard Book Number 9780702049811
040 ## - CATALOGING SOURCE
Original cataloging agency StDuBDS
Language of cataloging eng
Description conventions rda
Transcribing agency StDuBDS
Modifying agency EG-ScBUE
082 04 - DEWEY DECIMAL CLASSIFICATION NUMBER
Classification number 617.6
Item number ODE
Edition number 22
100 1# - MAIN ENTRY--PERSONAL NAME
Personal name Odell, E. W.,
Relator term author.
245 10 - TITLE STATEMENT
Title Cawson's essentials of oral pathology and oral medicine /
Statement of responsibility, etc E. W. Odell, FDSRCS MSc PhD FRCPath professor of oral Pathology and Medicine, King's College London, Honorary Consultant in Oral Pathology, Guy's and St Thomas' NHS Foundation Trust, London.
246 30 - VARYING FORM OF TITLE
Title proper/short title Essentials of oral pathology and oral medicine
250 ## - EDITION STATEMENT
Edition statement Ninth edition.
250 ## - EDITION STATEMENT
Edition statement International edition.
264 ## - PUBLICATION, DISTRIBUTION, ETC. (IMPRINT)
Place of publication, distribution, etc Edinburgh :
Name of publisher, distributor, etc Elsevier,
Date of publication, distribution, etc 2017.
300 ## - PHYSICAL DESCRIPTION
Extent xiii, 545 pages :
Other physical details illustrations (black and white, and colour) ;
Dimensions 28 cm
336 ## - CONTENT TYPE
Content type term text
Content type code txt
Source rdacontent
337 ## - MEDIA TYPE
Media type term unmediated
Media type code n
Source rdamedia
338 ## - CARRIER TYPE
Carrier type term volume
Carrier type code nc
Source rdacarrier
500 ## - GENERAL NOTE
General note Previous edition: Edinburgh: Churchill Livingstone, 2008.
500 ## - GENERAL NOTE
General note Includes bibliographical references and index.
650 #7 - SUBJECT ADDED ENTRY--TOPICAL TERM
Topical term or geographic name as entry element Dentistry.
Source of heading or term BUEsh
9 (RLIN) 39515
650 #7 - SUBJECT ADDED ENTRY--TOPICAL TERM
Topical term or geographic name as entry element Oral medicine.
Source of heading or term BUEsh
9 (RLIN) 41422
650 #7 - SUBJECT ADDED ENTRY--TOPICAL TERM
Topical term or geographic name as entry element Mouth
General subdivision Diseases.
Source of heading or term BUEsh
9 (RLIN) 41359
651 ## - SUBJECT ADDED ENTRY--GEOGRAPHIC NAME
Source of heading or term BUEsh
653 ## - INDEX TERM--UNCONTROLLED
Resource For college Dentistry
Arrived date list September2019
655 ## - INDEX TERM--GENRE/FORM
Form subdivision Text book
700 1# - ADDED ENTRY--PERSONAL NAME
Personal name Cawson, R. A.
Title of a work Essentials of oral pathology and oral medicine.
942 ## - ADDED ENTRY ELEMENTS (KOHA)
Source of classification or shelving scheme Dewey Decimal Classification
Koha item type Book - Textbooks
Holdings
Withdrawn status Lost status Source of classification or shelving scheme Damaged status Not for loan Collection code Home library Current library Shelving location Date acquired Source of acquisition Cost, normal purchase price Total Checkouts Total Renewals Full call number Barcode Date last seen Date checked out Cost, replacement price Price effective from Koha item type
    Dewey Decimal Classification     Baccah Central Library Central Library First floor 18/09/2019 Purchase 550.00 3 20 617.6 ODE 000048073 15/07/2025 18/03/2025 687.50 18/09/2019 Book - Borrowing
    Dewey Decimal Classification     Baccah Central Library Central Library First floor 18/09/2019 Purchase 550.00     617.6 ODE 000048074 15/07/2025   687.50 18/09/2019 NB - Book (Non borrowing)